000 00349 a2200157 4500
001 48320
020 _a8508046022 (broch.)
040 _cAnchieta - Bela Vista
100 _aFrança, Mary
240 1 0 _aNem aqui, nem ali!
_l
245 1 0 _aNem aqui, nem ali!
300 _a12 p.
362 0 _a1994
650 4 _aLiteratura infantil
942 _cBK
999 _c48320
_d48320